Natural alternatives to Nexium, Maalox, Tagamet, Prilosec & other acid blockers : what to use to relieve acid reflux, heartburn, and gastric ailments (Record no. 251096)

MARC details
000 -LEADER
fixed length control field 00399nam a2200097Ia 4500
082 ## - DEWEY DECIMAL CLASSIFICATION NUMBER
Classification number 616.3069 WHIT
008 - FIXED-LENGTH DATA ELEMENTS--GENERAL INFORMATION
fixed length control field 210817s9999 xx 000 0 und d
100 ## - MAIN ENTRY--PERSONAL NAME
Personal name WHITTEKIN, Martie Garden City Park, NY, 2009
9 (RLIN) 75815
245 #0 - TITLE STATEMENT
Title Natural alternatives to Nexium, Maalox, Tagamet, Prilosec & other acid blockers : what to use to relieve acid reflux, heartburn, and gastric ailments
942 ## - ADDED ENTRY ELEMENTS
item type Books
Holdings
Withdrawn status Lost status Damaged status Not for loan Home library Current library Date acquired Cost, normal purchase price Total Checkouts Barcode Date last seen Price effective from item type
        Secunda Secunda 18.08.2021 325.00   33228020252480 18.08.2021 18.08.2021 Books